00636nam a2200157Ia 4500008004100000041001200041082001100053100001700064245007900081260000600160650000600166942000700172999001700179952014100196952014100337221030s9999 xx 000 0 und d aEnglish a105.23 aJ. N. Sharma 0aPartial Differential Equaitons For Engineers & Scientistscby J. N. Sharma c0 aB cBK c13518d13518 pB 5099l0o105.23 r2022-10-30 00:00:00w2022-10-30yBK003Print4070aMIETLIBbMIETLIBcBL-, FL-, CUP-0, SH-0, R-0d2012-06-2510HBE pB 5100l0o105.23 r2022-10-30 00:00:00w2022-10-30yBK003Print4070aMIETLIBbMIETLIBcBL-, FL-, CUP-0, SH-0, R-0d2012-06-2510HBE